| 000 | 00777nam a2200277Ia 4500 | ||
|---|---|---|---|
| 001 | Para_22 | ||
| 003 | CHAP | ||
| 008 | 220125s1983 xx 000 0 und d | ||
| 010 | _a198974 | ||
| 040 | _cCHAP | ||
| 090 | _aPA FOLLETO 23 | ||
| 110 |
_aMéxico. Promotora del maguey y del nopal _9164278 |
||
| 245 |
_aControl químico de las plagas y enfermedades más comunes del maguey pulquero / _c por PMN |
||
| 260 |
_as.l. : _b s.n. |
||
| 300 | _a82 h. | ||
| 650 |
_aAgave _x Enfermedades _91075 |
||
| 650 |
_aAgave _x Plagas _91086 |
||
| 650 |
_aControl de plagas _927595 |
||
| 901 | _aPA FOLLETO 23 | ||
| 902 | _aA | ||
| 905 | _a0000071983 sl a 0000000000 00 | ||
| 910 | _a1983 | ||
| 942 | _cPARA | ||
| 942 |
_cPARA _d1 |
||
| 999 |
_c198974 _d198974 |
||